Simón y las matemáticas 2§ año básico

Збережено в:
Бібліографічні деталі
Автори: Lira Larraín, María Luz (autora), Rencoret Bustos, María del Carmen (Автор)
Формат: Книга
Мова:Іспанська
Опубліковано: Santiago Andrés Bello 1995
Редагування:4a. ed
Предмети:
Теги: Додати тег
Немає тегів, Будьте першим, хто поставить тег для цього запису!

MARC

LEADER 00000nam a2200000 a 4500
001 UCL1914
003 CL-VaPUC
008 030926e19950000CL |||||||||||||||||spa|d
020 |a 956130796K 
082 0 4 |a 372.7  |b LIR  |2 21 
100 |a Lira Larraín, María Luz  |e autora  |9 566536 
700 0 |a Rencoret Bustos, María del Carmen  |e author  |9 478862 
245 1 0 |a Simón y las matemáticas 2§ año básico 
246 1 0 |a TExto de matemáticas para Segundo año básico, libro del alumno 
250 |a 4a. ed 
300 |a 139 p 
942 |c BK 
945 |d 20030926 00:00:00  |a cmena 
260 |a Santiago  |b Andrés Bello  |c 1995 
500 |a Complementario con cuaderno de ejercicios 
650 0 |a Matemáticas  |x Enseñanza  |9 875527 
650 0 |a Educación básica   |9 224933 
650 0 |a Métodos de enseñanza  |9 270413 
650 0 |a Libros de texto  |9 270019 
583 |a last modification  |c 20030926 00:00:00  |k Rodrigo Vera 
999 |c 305350  |d 305348 
952 |0 0  |1 0  |4 0  |6 372_700000000000000_LIR_1995  |7 0  |8 A  |9 368826  |a BIBEDU  |b BIBEDU  |d 2019-11-21  |i 3942376  |o 372.7 LIR 1995  |p 3942376  |r 2019-11-21  |w 2019-11-21  |y BK  |k EBA